Bayern Munich v Arsenal 13/3/13 - Teams - Statistics

General Stats
  • This quiz has been taken 620 times
    602 since last reset
  • The average score is 12 of 22
Answer Stats
Hint Answer % Correct
Bayern Munich Neuer
93%
Bayern Munich Lahm
88%
Bayern Munich Robben
83%
Bayern Munich Muller
74%
Bayern Munich Alaba
68%
Arsenal Giroud
68%
Arsenal Mertesacker
64%
Arsenal Walcott
64%
Arsenal Koscielny
63%
Arsenal Gibbs
57%
Bayern Munich Kroos
57%
Bayern Munich Mandzukic
57%
Arsenal Ramsey
56%
Bayern Munich Dante
55%
Arsenal Cazorla
54%
Arsenal Arteta
50%
Arsenal Fabianski
50%
Arsenal Jenkinson
35%
Bayern Munich Van Buyten
35%
Arsenal Rosicky
34%
Bayern Munich Javi Martinez
14%
Bayern Munich Luiz Gustavo
8%
No matching quizzes found
Score Distribution
Percent of People with Each Score
Percentile by Number Answered
Your Score History
You have not taken this quiz since the last reset